| 000 | 00748nam a2200193 a 4500 | ||
|---|---|---|---|
| 001 | 418 | ||
| 003 | CO-ViMGA | ||
| 008 | 141112s2004 ck r 000 u spa d | ||
| 040 |
_aCO-ViMGA _bspa _cCO-ViMGA |
||
| 082 | 0 | 4 | _a658.4 K412 |
| 100 | 1 |
_aKhadem, Riaz _948195 |
|
| 245 | 1 | 0 |
_aAdministración en una página : _bcómo utilizar la información para lograr sus metas / _cKhadem Riaz , Lorber Robert |
| 260 |
_aBogotá : _bNorma, _c1997 |
||
| 300 | _a140 p | ||
| 505 | _aEl problema de la información 16 - - Administración en una página 53 - - La concatenación de los informes de una página 111 - - El poder de la administración en una página 135 | ||
| 650 | 1 | 4 |
_aADMINISTRACION _9558 |
| 650 | 1 | 4 |
_aLorber, Robert _948196 |
| 942 |
_2ddc _cBK |
||
| 999 |
_c12660 _d12660 |
||